000 00358nam a2200133Ia 4500
005 20260326100036.0
008 260326s9999||||xx |||||||||||||| ||und||
100 _aFonseca Martínez, Lorenzo
245 0 _aEnrique Triana Uribe :
_b Arquitecto Moderno /
_cLorenzo Fonseca Martínez
260 _bProa
300 _a118 p.
650 _aARQUITECTOS
942 _cBK
999 _c6808
_d6808